<?xml version="1.0" encoding="UTF-8"?>
<record
    xmlns:xsi="http://www.w3.org/2001/XMLSchema-instance"
    xsi:schemaLocation="http://www.loc.gov/MARC21/slim http://www.loc.gov/standards/marcxml/schema/MARC21slim.xsd"
    xmlns="http://www.loc.gov/MARC21/slim">

  <leader>01570nam0a2200289   4500</leader>
  <controlfield tag="001">RU\NLR\BIBL_A\022251366</controlfield>
  <controlfield tag="005">20260405232922.0</controlfield>
  <datafield tag="035" ind1=" " ind2=" ">
    <subfield code="a">(NLR Aleph) 022251366</subfield>
  </datafield>
  <datafield tag="090" ind1=" " ind2=" ">
    <subfield code="a">13190398</subfield>
    <subfield code="c">13190398</subfield>
  </datafield>
  <datafield tag="100" ind1=" " ind2=" ">
    <subfield code="a">20240613d1887    |||y0rusy50      ca</subfield>
  </datafield>
  <datafield tag="101" ind1="0" ind2=" ">
    <subfield code="a">rus</subfield>
  </datafield>
  <datafield tag="102" ind1=" " ind2=" ">
    <subfield code="a">RU</subfield>
  </datafield>
  <datafield tag="105" ind1=" " ind2=" ">
    <subfield code="a">o   w   000yb</subfield>
  </datafield>
  <datafield tag="200" ind1="1" ind2=" ">
    <subfield code="a">&#x421;&#x432;. &#x41D;&#x438;&#x444;&#x43E;&#x43D;&#x442;, E&#x43F;&#x438;&#x441;&#x43A;&#x43E;&#x43F; &#x433;&#x43E;&#x440;&#x43E;&#x434;&#x430; &#x41A;&#x43E;&#x43D;&#x441;&#x442;&#x430;&#x43D;&#x446;&#x438;&#x438;, &#x43D;&#x430; &#x43E;&#x441;&#x442;&#x440;&#x43E;&#x432;&#x435; &#x41A;&#x438;&#x43F;&#x440;</subfield>
    <subfield code="e">(&#x43F;&#x430;&#x43C;&#x44F;&#x442;&#x44C; &#x435;&#x433;&#x43E; 23-&#x433;&#x43E; &#x414;&#x435;&#x43A;&#x430;&#x431;&#x440;&#x44F;)</subfield>
  </datafield>
  <datafield tag="205" ind1=" " ind2=" ">
    <subfield code="a">&#x418;&#x437;&#x434;. 5-&#x435;</subfield>
  </datafield>
  <datafield tag="210" ind1=" " ind2=" ">
    <subfield code="a">&#x41E;&#x434;&#x435;&#x441;&#x441;&#x430;</subfield>
    <subfield code="c">&#x422;&#x438;&#x43F;&#x43E;-&#x43B;&#x438;&#x442;&#x43E;&#x433;&#x440;&#x430;&#x444;&#x438;&#x44F; &#x415;. &#x424;&#x435;&#x441;&#x435;&#x43D;&#x43A;&#x43E;</subfield>
    <subfield code="d">&#x446;&#x435;&#x43D;&#x437;. 1887</subfield>
  </datafield>
  <datafield tag="215" ind1=" " ind2=" ">
    <subfield code="a">8 &#x441;.</subfield>
    <subfield code="c">&#x438;&#x43B;.</subfield>
    <subfield code="d">22</subfield>
  </datafield>
  <datafield tag="225" ind1="1" ind2=" ">
    <subfield code="a">&#x411;&#x43B;&#x430;&#x433;&#x43E;&#x441;&#x43B;&#x43E;&#x432;&#x435;&#x43D;&#x438;&#x435; &#x41E;&#x431;&#x438;&#x442;&#x435;&#x43B;&#x438; &#x421;&#x432;. &#x41F;&#x430;&#x43D;&#x442;&#x435;&#x43B;&#x435;&#x438;&#x43C;&#x43E;&#x43D;&#x430;</subfield>
    <subfield code="v">&#x2116; 33</subfield>
  </datafield>
  <datafield tag="309" ind1=" " ind2=" ">
    <subfield code="a">&#x411;&#x435;&#x437; &#x442;&#x438;&#x442;. &#x43B;. &#x438; &#x43E;&#x431;&#x43B;.</subfield>
  </datafield>
  <datafield tag="316" ind1=" " ind2=" ">
    <subfield code="a">&#x42D;&#x43A;&#x437;. &#x420;&#x41D;&#x411; &#x432;&#x445;&#x43E;&#x434;&#x438;&#x442; &#x432; &#x43A;&#x43E;&#x43D;&#x432;&#x43E;&#x43B;&#x44E;&#x442;, &#x43F;&#x440;&#x438;&#x43F;&#x43B;&#x435;&#x442;&#x435;&#x43D; &#x43A;: &#x41E; &#x43F;&#x43E;&#x43A;&#x430;&#x44F;&#x43D;&#x438;&#x438; / &#x441;&#x43E;&#x447;&#x438;&#x43D;. &#x43F;&#x43E;&#x43A;&#x43E;&#x439;&#x43D;&#x430;&#x433;&#x43E; &#x410;&#x444;&#x43E;&#x43D;&#x441;&#x43A;&#x430;&#x433;&#x43E; &#x438;&#x435;&#x440;&#x43E;&#x43C;&#x43E;&#x43D;&#x430;&#x445;&#x430; &#x410;&#x440;&#x441;&#x435;&#x43D;&#x438;&#x44F;. - &#x41E;&#x434;&#x435;&#x441;&#x441;&#x430;: &#x422;&#x438;&#x43F;&#x43E;-&#x43B;&#x438;&#x442;&#x43E;&#x433;&#x440;&#x430;&#x444;&#x438;&#x44F; &#x424;&#x435;&#x441;&#x435;&#x43D;&#x43A;&#x43E;, &#x446;&#x435;&#x43D;&#x437;. 1886</subfield>
    <subfield code="5">NLR: 18.257.1.305</subfield>
  </datafield>
  <datafield tag="482" ind1=" " ind2="0">
    <subfield code="1">001v19\rc\1249860</subfield>
    <subfield code="9">5224698</subfield>
    <subfield code="c">&#x41E;&#x434;&#x435;&#x441;&#x441;&#x430;</subfield>
    <subfield code="d">&#x446;&#x435;&#x43D;&#x437;. 1886</subfield>
    <subfield code="e">&#x418;&#x437;&#x434;. 5-&#x435;</subfield>
    <subfield code="f">&#x441;&#x43E;&#x447;&#x438;&#x43D;. &#x43F;&#x43E;&#x43A;&#x43E;&#x439;&#x43D;&#x430;&#x433;&#x43E; &#x410;&#x444;&#x43E;&#x43D;&#x441;&#x43A;&#x430;&#x433;&#x43E; &#x438;&#x435;&#x440;&#x43E;&#x43C;&#x43E;&#x43D;&#x430;&#x445;&#x430; &#x410;&#x440;&#x441;&#x435;&#x43D;&#x438;&#x44F;</subfield>
    <subfield code="n">&#x422;&#x438;&#x43F;&#x43E;-&#x43B;&#x438;&#x442;&#x43E;&#x433;&#x440;&#x430;&#x444;&#x438;&#x44F; &#x424;&#x435;&#x441;&#x435;&#x43D;&#x43A;&#x43E;</subfield>
    <subfield code="p">4 &#x441;.</subfield>
    <subfield code="t">&#x41E; &#x43F;&#x43E;&#x43A;&#x430;&#x44F;&#x43D;&#x438;&#x438;</subfield>
  </datafield>
  <datafield tag="702" ind1=" " ind2="0">
    <subfield code="4">280</subfield>
    <subfield code="8">rus</subfield>
    <subfield code="7">ca</subfield>
    <subfield code="a">&#x41D;&#x438;&#x444;&#x43E;&#x43D;&#x442;</subfield>
    <subfield code="c">&#x435;&#x43F;&#x438;&#x441;&#x43A;&#x43E;&#x43F; &#x41A;&#x438;&#x43F;&#x440;&#x441;&#x43A;&#x438;&#x439;</subfield>
    <subfield code="f">4 &#x432;.</subfield>
    <subfield code="3">RU\NLR\AUTH\77106692</subfield>
    <subfield code="9">89617</subfield>
  </datafield>
  <datafield tag="852" ind1=" " ind2=" ">
    <subfield code="a">NLR</subfield>
    <subfield code="j">18.257.1.305(33)</subfield>
  </datafield>
  <datafield tag="942" ind1=" " ind2=" ">
    <subfield code="c">BOOK</subfield>
  </datafield>
  <datafield tag="980" ind1=" " ind2=" ">
    <subfield code="a">NB</subfield>
  </datafield>
  <datafield tag="995" ind1=" " ind2=" ">
    <subfield code="5">2024-07-06</subfield>
    <subfield code="b">NLR02</subfield>
    <subfield code="c">NLR02</subfield>
    <subfield code="e">RFS</subfield>
    <subfield code="f">22251366-10</subfield>
    <subfield code="k">18.257.1.305(33)</subfield>
    <subfield code="o">0</subfield>
    <subfield code="r">BOOK</subfield>
    <subfield code="s">18257130533_</subfield>
  </datafield>
</record>
